[Event "TUR Cup										"]
[Site "Antalya"]
[Date "2018.01.27"]
[Round "1"]
[White "Turkkan, Ece"]
[Black "Demirbas, Emre"]
[Result "0-1"]
[WhiteElo "1545"]
[BlackElo "1910"]
[PlyCount "128"]
[EventDate "2018.01.27"]
[EventType "swiss"]
[EventRounds "11"]
[EventCountry "TUR"]
[SourceTitle "CBM 182 Extra"]
[Source "ChessBase"]
[SourceDate "2018.02.23"]
[SourceVersion "1"]
[SourceVersionDate "2018.02.23"]
[SourceQuality "1"]

1. d4 Nf6 2. c4 e6 3. Nc3 d5 4. cxd5 exd5 5. Bg5 Nbd7 6. e3 Be7 7. Bd3 0-0 8. Qc2 Re8 9. Nge2 c6 10. 0-0 h6 11. Bh4 Ne4 12. Bxe7 Qxe7 13. Nxe4 dxe4 14. Bc4 b5 15. Bb3 c5 16. Bd5 Rb8 17. dxc5 Nxc5 18. Bc6 Bd7 19. Bxd7 Nxd7 20. Nd4 Rec8 21. Qe2 Nc5 22. Rac1 Nd3 23. Rxc8+ Rxc8 24. Qg4 Rc5 25. Qe2 Rc8 26. Qg4 Rc5 27. Qe2 a5 28. Nb3 Rc6 29. Nd4 Rc5 30. Nb3 Rc8 31. Nd4 b4 32. b3 Rc5 33. Rd1 Qc7 34. h3 a4 35. Qg4 axb3 36. axb3 Qe5 37. Qe2 g6 38. f3 Nc1 39. Qd2 Qc7 40. fxe4 Qc8 41. Qxb4 Na2 42. Qd2 Nc3 43. Re1 Nxe4 44. Qd3 Ng5 45. Qe2 Qc7 46. Qf2 Qe7 47. Qf4 Rc3 48. h4 Ne4 49. Rf1 Rc5 50. b4 Rh5 51. g3 g5 52. Qb8+ Kh7 53. Nc6 Qe6 54. Nd4 Qg6 55. Qc7 Nf6 56. Qe5 gxh4 57. Rxf6 Rxe5 58. Rxg6 Kxg6 59. gxh4 Rxe3 60. Kf2 Re4 61. Nc6 Rxh4 62. b5 Rh2+ 63. Kg3 Rb2 64. Nd4 Rb4 0-1

[Event "TUR-chT2"]
[Site "Konya"]
[Date "2017.07.13"]
[Round "7.2"]
[White "Demirbas, Emre"]
[Black "Eken, Atakan"]
[Result "1-0"]
[WhiteElo "1955"]
[BlackElo "1706"]
[PlyCount "65"]
[EventDate "2017.07.09"]
[EventType "team-swiss"]
[EventRounds "9"]
[EventCountry "TUR"]
[SourceTitle "CBM 179 Extra"]
[Source "ChessBase"]
[SourceDate "2017.08.23"]
[SourceVersion "1"]
[SourceVersionDate "2017.08.23"]
[SourceQuality "1"]
[WhiteTeam "Karaman Yunus Emre"]
[BlackTeam "Marmara Universitesi"]
[WhiteTeamCountry "TUR"]
[BlackTeamCountry "TUR"]

1. Nf3 Nf6 2. c4 c5 3. g3 b6 4. Bg2 Bb7 5. Nc3 g6 6. b3 Bg7 7. Bb2 0-0 8. 0-0 e6 9. d4 Ne4 10. Qc2 Nxc3 11. Bxc3 cxd4 12. Nxd4 Bxg2 13. Kxg2 Nc6 14. Rad1 Nxd4 15. Bxd4 Qc7 16. Bxg7 Kxg7 17. Rd4 d5 18. Qb2 Qe5 19. cxd5 Rfd8 20. e4 exd5 21. Qd2 Re8 22. exd5 Rad8 23. d6 Re6 24. Rd1 f6 25. Qc2 Qc5 26. Rc4 Qe5 27. Rc7+ Kh6 28. Rxh7+ Kxh7 29. Qc7+ Kh6 30. Qxd8 Qe4+ 31. Kg1 Qb4 32. Qh8+ Kg5 33. Qh4+ 1-0

[Event "TUR-chT2"]
[Site "Konya"]
[Date "2017.07.10"]
[Round "2.3"]
[White "Cansel, Erol"]
[Black "Demirbas, Emre"]
[Result "0-1"]
[WhiteElo "1419"]
[BlackElo "1955"]
[PlyCount "82"]
[EventDate "2017.07.09"]
[EventType "team-swiss"]
[EventRounds "9"]
[EventCountry "TUR"]
[SourceTitle "CBM 179 Extra"]
[Source "ChessBase"]
[SourceDate "2017.08.23"]
[SourceVersion "1"]
[SourceVersionDate "2017.08.23"]
[SourceQuality "1"]
[WhiteTeam "Burhaniye"]
[BlackTeam "Karaman Yunus Emre"]
[WhiteTeamCountry "TUR"]
[BlackTeamCountry "TUR"]

1. e4 c5 2. Nc3 e6 3. Nf3 Nc6 4. d4 cxd4 5. Nxd4 Nf6 6. Nxc6 bxc6 7. Bd3 d5 8. 0-0 Be7 9. Kh1 d4 10. Ne2 c5 11. e5 Nd5 12. Nf4 Nxf4 13. Bxf4 0-0 14. Qf3 Rb8 15. b3 Bb7 16. Qh3 g6 17. a4 Qa5 18. Rad1 Ba6 19. Bd2 Qb6 20. f4 Rfc8 21. Bxa6 Qxa6 22. Rf3 c4 23. Bc1 cxb3 24. cxb3 Qe2 25. Rff1 Rc3 26. g3 d3 27. Bd2 Rc2 28. Qg2 Rxb3 29. Rg1 Rbb2 30. Bc1 Qxg2+ 31. Rxg2 Rxg2 32. Bxb2 Rxb2 33. Rxd3 a5 34. Rd1 Ra2 35. Rd7 Bb4 36. Ra7 Rxa4 37. Kg2 Ra2+ 38. Kh3 h5 39. Kh4 Rxh2+ 40. Kg5 Kg7 41. Ra6 Be7# 0-1

[Event "TUR-chT2"]
[Site "Konya"]
[Date "2017.07.10"]
[Round "3.3"]
[White "Sahin, Aytac"]
[Black "Demirbas, Emre"]
[Result "1/2-1/2"]
[WhiteElo "1954"]
[BlackElo "1955"]
[PlyCount "72"]
[EventDate "2017.07.09"]
[EventType "team-swiss"]
[EventRounds "9"]
[EventCountry "TUR"]
[SourceTitle "CBM 179 Extra"]
[Source "ChessBase"]
[SourceDate "2017.08.23"]
[SourceVersion "1"]
[SourceVersionDate "2017.08.23"]
[SourceQuality "1"]
[WhiteTeam "Masal Diyari"]
[BlackTeam "Karaman Yunus Emre"]
[WhiteTeamCountry "TUR"]
[BlackTeamCountry "TUR"]

1. e4 c5 2. Nf3 e6 3. c3 Nf6 4. e5 Nd5 5. Bc4 Nc6 6. 0-0 a6 7. Re1 Be7 8. d4 cxd4 9. Nxd4 Nb6 10. Bb3 Qc7 11. Nxc6 dxc6 12. Qg4 Bd7 13. Bg5 Bc5 14. Nd2 h6 15. Qh4 Rg8 16. Be3 Be7 17. Qe4 0-0-0 18. Rad1 c5 19. Nc4 Nxc4 20. Bxc4 Bc6 21. Qf4 Bg5 22. Qg3 Be7 23. Qf4 Bg5 24. Qg3 Bxe3 25. Qxe3 Bd5 26. Bxd5 exd5 27. b4 cxb4 28. cxb4 Kb8 29. Rc1 Qd7 30. Qd4 Rge8 31. Rc5 f6 32. f4 g5 33. Rd1 fxe5 34. fxe5 Qe7 35. Re1 Rf8 36. e6 Rf5 1/2-1/2